Nhận diện các xu hướng vận động và phát triển của văn học, nghệ thuật Việt Nam hiện nay

Tập hợp các bài viết, bài tham luận trình bày những vấn đề lý luận chung về văn học, nghệ thuật. Phân tích thực trạng, các xu hướng vận động, phát triển của văn học và các loại hình nghệ thuật ở Việt Nam hiện nay...

Ful tanımlama

Kaydedildi:
Detaylı Bibliyografya
Yazar: Nguyễn, Thế Kỷ
Diğer Yazarlar: Phan, Trọng Thưởng
Materyal Türü: Kitap
Dil:Undetermined
Baskı/Yayın Bilgisi: H. Chính trị Quốc gia 2019
Konular:
Online Erişim:http://lrc.tdmu.edu.vn/opac/search/detail.asp?aID=2&ID=41383
Etiketler: Etiketle
Etiket eklenmemiş, İlk siz ekleyin!
Thư viện lưu trữ: Trung tâm Học liệu Trường Đại học Thủ Dầu Một
LEADER 01301nam a2200217Ia 4500
001 TDMU_41383
008 210410s9999 xx 000 0 und d
082 |a 641.3 
090 |b NG527 
100 |a Nguyễn, Thế Kỷ 
245 0 |a Nhận diện các xu hướng vận động và phát triển của văn học, nghệ thuật Việt Nam hiện nay 
245 0 |c Nguyễn Thế Kỷ, Phan Trọng Thưởng, Hoàng Chương và [nh. ng. khác] 
260 |a H. 
260 |b Chính trị Quốc gia 
260 |c 2019 
300 |a 696tr. 
520 |a Tập hợp các bài viết, bài tham luận trình bày những vấn đề lý luận chung về văn học, nghệ thuật. Phân tích thực trạng, các xu hướng vận động, phát triển của văn học và các loại hình nghệ thuật ở Việt Nam hiện nay 
650 |a Nghiên cứu văn học  |x Khuynh hướng phát triển  |x Nghệ thuật  |z Việt Nam; Văn học Việt Nam  |x Nghiên cứu văn học 
700 |a Phan, Trọng Thưởng 
856 |u http://lrc.tdmu.edu.vn/opac/search/detail.asp?aID=2&ID=41383 
980 |a Trung tâm Học liệu Trường Đại học Thủ Dầu Một